000 00551cam a22002291 4500
001 sa 63004840
003 DLC
005 20260227111951.0
008 890614s1961 pk 000 0 urdr
010 _asa 63004840
035 _a(OCoLC)19869253
040 _aDLC
_cWaU
_dDLC
042 _apremarc
043 _aa-pk---
050 0 0 _aPK2167
_b.I17
100 2 _aIbadat Berelvī,
_d1920-
245 1 0 _aJadīd shaʼirī.
260 _c[1961]
300 _a624 p.
_c22 cm.
500 _aIn Urdu.
650 0 _aUrdu poetry
_xHistory and criticism.
999 _c55869
_d55869